Межевая книга деревни [Валынкиной с принадлежащими ей островами] Петербургского уезда Санкт-Петербургской губернии

Доступно только в Электронных читальных залах Найти на картеНа карте
RUSMARC
00003497nmc2a2200000 x 450
001ffd0276b-b153-46e1-a483-fb00c14bfc48
00520151217142556.0
100##$a20151026l17851785k l0rusy0189 ca
1010#$arus
102##$aRU
2001#$aМежевая книга деревни [Валынкиной с принадлежащими ей островами] Петербургского уезда Санкт-Петербургской губернии
$j1785 г.
251##$cДело
105##$ae###
801#0$aRU
$bРГИА
$c20151026
$gRCR
801#1$aRU
$bГлавНИВЦ
$c20151026
$2rusmarc
801#2$aRU
$bПБ им. Б.Н. Ельцина
$c20151217
$gRCR
$2rusmarc
850##$aРГИА
852##$aРГИА
$eФедеральное казенное учреждение "Российский государственный исторический архив" (РГИА)
$j583
937##$hРГИА
$d12158910
$aASBIBLIO_SCAN
462#0$1001c9a41435-d21c-4ba9-a75c-9547afdd7617
$12001
$aКарты и планы казенных и частных земель и лесов по Санкт-Петербургской губернии
$1251
$cОпись
$1852
$j29
461#0$100126e99e9d-b562-464e-a273-fbb2bdfe5ec7
$12001
$aПлановый архив Министерства земледелия (1837-1918)
$1251
$cФонд
$1852
$j380
215##$a14 л., 1 карта
$cплан.
$d35,5х26 см
371##$aДокумент не является опубликованным и широко распространяемым
1222#$ad
035##$affd0276b-b153-46e1-a483-fb00c14bfc48
Формат отображения